000 00732cam a22002534i 4500
999 _c33940
_d33940
001 3257
003 CO-MdFUSB
005 20180901105407.0
008 180213s1986 sp ||||| |||| 00| 0 spa d
020 _a84-7645-078-8
040 _aCO-MdFUSB
_bspa
_cCO-MdFUSB
_dCO-MdFUSBC
_erda
041 0 _aspa
082 0 4 _aG 226.8
_223
_bS7312p
100 1 _aSowell, S. M.
_eautor
245 4 _aLas Parábolas de Jesús
_c/ S. M. Sowell
264 1 _aTerrassa, Barcelona :
_bCLIE,
_c℗[1986]
300 _a183 páginas ;
_c20 cm
336 _2rdacontent
_atexto
_btxt
337 _2rdamedia
_asin mediación
_bn
338 _2rdacarrier
_avolumen
_bnc
630 0 7 _aBiblia.
_pNuevo Testamento
653 _aParábolas bíblicas
942 _cBK